Т. 66, вып. 4; Известия вузов. Химия и химическая технология

Մատենագիտական մանրամասներ
Parent link:Известия вузов. Химия и химическая технология: научно-технический журнал/ Ивановский государственный химико-технологический университет. Т. 66, вып. 4.— , 1958-2017, 2022-
Ամփոփում:Режим доступа: по договору с организацией-держателем ресурса
Լեզու:ռուսերեն
Հրապարակվել է: 2023
Առցանց հասանելիություն:https://elibrary.ru/contents.asp?id=50367224
Ձևաչափ: Էլեկտրոնային Գիրք
KOHA link:https://koha.lib.tpu.ru/cgi-bin/koha/opac-detail.pl?biblionumber=590156

MARC

LEADER 00000nam2a2200000 4500
001 590156
005 20231101131609.0
035 |a (RuTPU)RU\TPU\prd\292903 
035 |a RU\TPU\prd\292902 
090 |a 590156 
100 |a 20230327a19589999k y0rusy50 ca 
101 0 |a rus 
102 |a RU 
181 0 |a i  
182 0 |a b 
200 0 |a Т. 66, вып. 4  |b Электронный ресурс 
203 |a Текст  |c электронный 
210 |d 2023 
333 |a Режим доступа: по договору с организацией-держателем ресурса 
461 1 |0 (RuTPU)RU\TPU\prd\192  |t Известия вузов. Химия и химическая технология  |o научно-технический журнал  |f Ивановский государственный химико-технологический университет  |v Т. 66, вып. 4  |d 1958-2017, 2022- 
801 0 |a RU  |b 63413507  |c 20010227  |g PSBO 
801 1 |a RU  |b 63413507  |c 20170824 
801 2 |a RU  |b 63413507  |c 20230327  |g RCR 
856 4 0 |u https://elibrary.ru/contents.asp?id=50367224 
942 |c BK